Ecology of aquatic management

Sustainable management of ecosystems is a key issue in ecology and environmental science and aquatic ecosystems are high on international priorities for conservation. Ecology of Aquatic Management provides a comprehensive introduction to the exploitation and management of marine and freshwater syste...

Full description

Saved in:
Bibliographic Details
Main Author: Frid, Chris
Format: Book
Language:Undetermined
Published: London Prentice Hall 2002
Subjects:
Tags: Add Tag
No Tags, Be the first to tag this record!
Institutions: Trung tâm Học liệu Trường Đại học Cần Thơ
LEADER 00914nam a2200193Ia 4500
001 CTU_141750
008 210402s9999 xx 000 0 und d
082 |a 333.95 
082 |b F898 
100 |a Frid, Chris 
245 0 |a Ecology of aquatic management 
245 0 |c Chris Frid, Mike Dobson 
260 |a London 
260 |b Prentice Hall 
260 |c 2002 
520 |a Sustainable management of ecosystems is a key issue in ecology and environmental science and aquatic ecosystems are high on international priorities for conservation. Ecology of Aquatic Management provides a comprehensive introduction to the exploitation and management of marine and freshwater systems from an ecological perspective. 
650 |a Tài nguyên công nghiệp cá,Tài nguyên nước,Fishery resources,Aquatic resources 
904 |i Trọng Hải 
980 |a Trung tâm Học liệu Trường Đại học Cần Thơ